| 000 | 00378nam a2200145Ia 4500 | ||
|---|---|---|---|
| 008 | 240719s9999 xx 000 0 und d | ||
| 041 | _aeng | ||
| 082 | _a658.22 MAR | ||
| 100 | _aMartocchio, Joseph J | ||
| 245 | _aStrategic Compensation A Human Resource | ||
| 250 | _a10th | ||
| 260 |
_aNoida _bPearson _c2020 |
||
| 300 | _a394;. P. 24 Cm | ||
| 520 | _aGifted By : IMT Faculty | ||
| 999 |
_c41403 _d41403 |
||